| 000 | 00539nam a2200181 i 4500 | ||
|---|---|---|---|
| 001 | 157245 | ||
| 003 | ES-MaACL | ||
| 005 | 20230909210943.0 | ||
| 008 | 020904s1899 sp |||| | spa d | ||
| 040 |
_aCYL _bspa _cCYL |
||
| 100 | 1 |
_aLaugi, José de. _9128736 |
|
| 245 | 1 | 0 |
_aCarmen _b: (novela) / _cJosé de Laugi ; prólogo de Luis Brun. |
| 260 |
_aMadrid : _bLibrería Fernando Fe, _c1899. |
||
| 300 |
_a198 p. ; _c17 cm. |
||
| 700 | 1 |
_aBrun, Luis _9126199 |
|
| 852 |
_aES-MaACL _jG-10148 _z-- Enc. hol. |
||
| 999 |
_c157245 _d157245 |
||